Library Banner

Handbook of bioengineering (Record no. 1532)

MARC details
000 -LEADER
fixed length control field 00480nam a2200193Ia 4500
001 - CONTROL NUMBER
control field 1223
008 - FIXED-LENGTH DATA ELEMENTS--GENERAL INFORMATION
fixed length control field 140313s9999 xx 000 0 und d
020 ## - INTERNATIONAL STANDARD BOOK NUMBER
International Standard Book Number 70577838
040 ## - CATALOGING SOURCE
Transcribing agency PK-LaUMT
082 ## - DEWEY DECIMAL CLASSIFICATION NUMBER
Classification number 610.28
Item number HAN-
100 ## - MAIN ENTRY--PERSONAL NAME
Personal name Richard Skalak
245 ## - TITLE STATEMENT
Title Handbook of bioengineering
Statement of responsibility, etc Richard Skalak<>Shu, Co-Chien
260 ## - PUBLICATION, DISTRIBUTION, ETC. (IMPRINT)
Place of publication, distribution, etc New York, USA:
Name of publisher, distributor, etc McGraw-Hill,
Date of publication, distribution, etc 1986.
300 ## - PHYSICAL DESCRIPTION
Extent 500 p.
546 ## - LANGUAGE NOTE
Language note EN
650 ## - SUBJECT ADDED ENTRY--TOPICAL TERM
Topical term or geographic name as entry element Biomechanics
700 ## - ADDED ENTRY--PERSONAL NAME
Personal name Shu, Co-Chien
942 ## - ADDED ENTRY ELEMENTS (KOHA)
Koha item type Books
Holdings
Withdrawn status Lost status Damaged status Not for loan Home library Current library Date acquired Total Checkouts Full call number Barcode Date last seen Date checked out Price effective from Koha item type
        UMT Main Campus UMT Main Campus 2014-03-13 1 610.28 HAN- 1189 2022-03-17 2019-03-05 2014-03-13 Books